Responses for show #825 - Friday, March 18, 1988

Contestants

Bob Twillman, a graduate student originally from Boonville, Missouri

Dan Zellman, a manufacturer's representative from North Hollywood, California

Cheryl van Middlesworth, a housewife from Cerritos, California (whose 1-day cash winnings total $6,800)

Jeopardy! Round responses

BIRDS
TREES
MUSIC ON THE MAP
THE PAPAL VISIT
(Alex: The one in 1987 of course.)
NOTORIOUS
RHYME TIME
    $100 6
(Dan: What are parakeets?)

parrot

DanBob
    $100 20
pine tree

Dan
    $100 11
(Bob: What is "The [*] Polka"?)

Pennsylvania

Bob
    $100 25
Holywood

Cheryl
    $100 15
Jean Lafitte

Cheryl
    $100 1
low blow

Cheryl
    $200 7
fruit

Bob
    $200 21
quinine

Dan
    $200 12
(Bob: What is "My Old Kentucky Home"?)

Indiana

Bob
Triple Stumper
    $200 27
"When the Saints Go Marching In"

Bob
    $200 16
Benjamin

Dan
    $200 2
hard lard

Cheryl
    $300 8
summer

Bob
    $300 22
aspen

Cheryl
    $300 13
(Alex: Yes, I took a trip down to Montego Bay.)

Jamaica

Cheryl
    $300 28
(Dan: What is Miami?)

Los Angeles

DanBob
    $300 17
(Bob: What was the James gang?)

Daltons

CherylBob
    $300 3
cheaper beeper

Dan
    $400 9
lay eggs (breed, mate)

Bob
    $400 23
pecan

Dan
    $5 14
(Cheryl: [Deciding on her wager] I get one Audio Daily Double a month at home, so I'm gonna bet the whole $5. I'm bad. I'm really bad.)
(Alex: Aren't you going to be upset with yourself if you come up with the correct response?)
...
(Alex: Cheryl?)
(Cheryl: Um, I'm trying to...)
(Alex: Well, you were right. You are very bad when it comes to musical clues.)

"Canadian Sunset"

Cheryl
    $400 29
Carmel

Bob
    $400 18
(Dan: Who is Benedict Arnold?)

Aaron Burr

DanBob
    $400 4
cook book

Cheryl
    $500 10
feathers

Dan
    $500 24
(Cheryl: What's the baobab tree?)

bodhi

Cheryl
Triple Stumper
    $500 26
"Spanish Harlem"

Triple Stumper
    $500 30
Shepherd One

Bob
    $500 19
Clyde Barrow

Cheryl
    $500 5
Hackett's jackets

Cheryl

Scores at the first commercial break (after clue 15):

Cheryl Dan Bob
$1,595 $700 $900

Scores at the end of the Jeopardy! Round:

Cheryl Dan Bob
$2,295 $900 $2,400

Double Jeopardy! Round responses

FRENCH LITERATURE
AMERICAN HISTORY
THE MOVIES
20TH C. FASHION
ARTISTS
"FAST" OR "SLOW"
    $200 11
Cyrano de Bergerac

Dan
    $200 12
Declaration of Independence

Bob
    $200 5
Marilyn Monroe

Triple Stumper
    $200 19
(Dan: What is cotton?)
(Alex: Be more specific, please.)

denim

Dan
    $200 9
(Alex: He finally got his wish.)

Andy Warhol

Triple Stumper
    $200 23
[The end-of-round signal sounds.]

slow as molasses

Bob
    $400 14
(Alex: Journey to the Center of the Earth.)

Jules Verne

Dan
    $400 13
Socialist Party

Cheryl
    $400 4
(Bob: What is It's a Mad, Mad, Mad, Mad World?)

Father of the Bride

Bob
Triple Stumper
    $400 8
the Rijksmuseum

Cheryl
    $600 16
the Count of Monte Cristo

Cheryl
    $600 15
the beginning of the (government) fiscal year

Cheryl
    $600 1
chess

Dan
    $600 20
(Alex: We've got a minute to go.)

painting them

Cheryl
    $600 6
Botticelli

Dan
    $2,000 17
The Marriage of Figaro & The Barber of Seville

Cheryl
    $800 2
Doris Day

Triple Stumper
    $895 22
(Cheryl: Uh, what is because it had such a tight skirt?)
(Alex: Be more specific.)
(Cheryl: Because it had a bustle in back?)

tight at the bottom

Cheryl
    $800 7
clergy (ministry)

Dan
    $1000 18
Jean Racine

Cheryl
    $1000 3
High Society

Triple Stumper
    $1000 21
animal (leopard) prints

Triple Stumper
    $1000 10
(Dan: Who is Diego Rivera?)

José Orozco

Dan
Triple Stumper

Scores at the end of the Double Jeopardy! Round:

Cheryl Dan Bob
$7,000 $2,700 $2,400
(lock game)

[wagering suggestions for these scores]

Final Jeopardy! Round responses

THE OLYMPICS
BobWhat were 1916, 1940, 1944
$2,400
DanWhat were ?
$2,500
CherylWhat are 1940; 1944 & 1916?
$500
1916, 1940 & 1944

Final scores:

Cheryl Dan Bob
$7,500 $200 $4,800
2-day champion: $14,300 3rd place: Kraco cordless telephone & beeper-less remote answering machine 2nd place: Berkline SpeedMotion Wallaway sofa & Ambatrak vertical blinds

Game dynamics:

Coryat scores:

Cheryl Dan Bob
$6,700 $2,700 $2,400
17 R
(including 1 DD),
3 W
(including 2 DDs)
12 R,
4 W
12 R,
3 W

Combined Coryat: $11,800

The J! Archive is created by fans, for fans. The Jeopardy! game show and all elements thereof, including but not limited to copyright and trademark thereto, are the property of Jeopardy Productions, Inc. and are protected under law. This website is not affiliated with, sponsored by, or operated by Jeopardy Productions, Inc. Join the discussion at JBoard.tv.